书目信息 |
| 题名: |
战略企业家成功之道
|
|
| 作者: | 威克汉姆, 著 ;马冰心 , 张莲娜 , 崔人元 译 | |
| 分册: | ||
| 出版信息: | 北京 中国社会科学出版社 2003.12 |
|
| 页数: | 494页 | |
| 开本: | 23cm | |
| 丛书名: | ||
| 单 册: | ||
| 中图分类: | F270 | |
| 科图分类: | ||
| 主题词: | 企业管理 | |
| 电子资源: | ||
| ISBN: | 7-5004-4239-4 | |
| 000 | 01401nam0 22003137 4550 | |
| 001 | 192004003878 | |
| 005 | 20070912100018.25 | |
| 010 | @a7-5004-4239-4@dCNY48.00 | |
| 100 | @a20070602d2003 ekmy0chiy0121 ea | |
| 101 | 1 | @achi@ceng |
| 102 | @aCN@b110000 | |
| 105 | @aak z 000yy | |
| 200 | 1 | @a战略企业家成功之道@Azhan lue qi ye jia cheng gong zhi dao@e面向新企业的创立和管理的决策制定方法@f(英) 菲利普·威克汉姆著@g马冰心, 张莲娜, 崔人元等译 |
| 210 | @a北京@c中国社会科学出版社@d2003.12 | |
| 215 | @a494页@c图@d23cm | |
| 300 | @a并列题名:Strategic Entrepreneurship | |
| 300 | @a其他题名:面向新企业的创立和管理的决策制定方法 | |
| 312 | @a英文题名取自封面 | |
| 330 | @a本书阐述了企业家所面对的决定企业方向的决策; 论述了实际建立企业中所需要的吸引资金和人力投资的问题; 以及企业家必须认识的成功地对企业的成长进行管理并有效地巩固这种成长的问题和决策等内容。 | |
| 510 | 1 | @aStrategic Entrepreneurship@eA Decision-Making Approach to New Venture Creation and Management@zeng |
| 517 | 1 | @a面向新企业的创立和管理的决策制定方法@Amian xiang xin qi ye de chuang li he guan li de jue ce zhi ding fang fa |
| 606 | 0 | @a企业管理 |
| 690 | @aF270@v4 | |
| 701 | 1 | @a威克汉姆,@Awei ke han mu@bP. A.@g(Wickhan, Philip A.)@e英@4著 |
| 702 | 0 | @a马冰心@Ama bing xin@4译 |
| 702 | 0 | @a张莲娜@Azhang lian na@4译 |
| 702 | 0 | @a崔人元@Acui ren yuan@4译 |
| 801 | 0 | @aCN@c20070912 |
| 905 | @dF270@eW4982 | |
| 战略企业家成功之道:面向新企业的创立和管理的决策制定方法/(英) 菲利普·威克汉姆著/马冰心, 张莲娜, 崔人元等译.-北京:中国社会科学出版社,2003.12 |
| 494页:图;23cm |
| 并列题名:Strategic Entrepreneurship.-其他题名:面向新企业的创立和管理的决策制定方法 |
| ISBN 7-5004-4239-4:CNY48.00 |
| 本书阐述了企业家所面对的决定企业方向的决策; 论述了实际建立企业中所需要的吸引资金和人力投资的问题; 以及企业家必须认识的成功地对企业的成长进行管理并有效地巩固这种成长的问题和决策等内容。 |
| ● |
| 相关链接 |
|
|
|
正题名:战略企业家成功之道
索取号:F270/W4982
 
预约/预借
| 序号 | 登录号 | 条形码 | 馆藏地/架位号 | 状态 | 备注 |
| 1 | 617544 | 206175440 | 社科库409/409社科库 85排1列2层/ [索取号:F270/W4982] | 在馆 | |
| 2 | 617545 | 206175459 | 社科库409/409社科库 85排1列2层/ [索取号:F270/W4982] | 在馆 | |
| 3 | 617546 | 206175468 | 社科库409/409社科库 85排1列2层/ [索取号:F270/W4982] | 在馆 |